|
|
|
|
| LEADER |
00000nam0a2200000 4500 |
| 001 |
66710 |
| 005 |
20231031072652.0 |
| 020 |
|
|
|a RU
|b 81-16847
|
| 035 |
|
|
|a (RuTPU)RU\TPU\book\70924
|
| 090 |
|
|
|a 66710
|
| 100 |
|
|
|a 20040902d1964 m a0rusy5003 ca
|
| 101 |
0 |
|
|a rus
|
| 102 |
|
|
|a RU
|
| 105 |
|
|
|a y j 000zy
|
| 200 |
1 |
|
|a Федоровский метод
|e учебное пособие
|f В. С. Соболев
|
| 210 |
|
|
|a Москва
|c Недра
|d 1964
|
| 215 |
|
|
|a 285 с.
|c ил.
|
| 610 |
1 |
|
|a минералы
|
| 610 |
1 |
|
|a кристаллооптический анализ
|
| 610 |
1 |
|
|a метод Федорова
|
| 675 |
|
|
|a 552.08:54(075.8)
|z rus
|
| 700 |
|
1 |
|a Соболев
|b В. С.
|g Владимир Степанович
|
| 801 |
|
0 |
|a RU
|b RuMRKP
|c 19950704
|g psbo
|
| 801 |
|
1 |
|a RU
|b 63413507
|c 20040902
|g PSBO
|
| 801 |
|
2 |
|a RU
|b 63413507
|c 20200605
|g PSBO
|
| 942 |
|
|
|c BK
|